Country Flags - Sudden Death - Statistics

General Stats
  • This quiz has been taken 343 times
  • The average score is 12 of 20
Answers on the Grid
Answers color-coded by a green-red scale on the quiz's grid according to % correct below.
 
Answer Stats
Answer % Correct
United Kingdom
68%
Iceland
66%
Norway
64%
Turkey
64%
Germany
64%
Japan
63%
Greece
63%
United States
63%
North Korea
63%
Austria
61%
New Zealand
61%
Saint Lucia
58%
Slovenia
57%
Liberia
57%
Madagascar
55%
Central African Republic
53%
Honduras
53%
Liechtenstein
52%
Guinea-Bissau
51%
Equatorial Guinea
50%
No matching quizzes found
Score Distribution
Percent of People with Each Score
Percentile by Number Answered
Your Score History
You have not taken this quiz